000 00671nam a22002657a 4500
003 UA-OsUOA
001 23260
007 ta
008 20040115b un ||||| |||| 00| 0 ukr d
100 _aКрисаченко В.С.
090 _a39(477)
_bК82
942 _cBK
040 _aUA-OsUOA
_bukr
_cUA-OsUOA
_dUA-OsUOA
245 _aУкраїнознавство
_bХрестоматія-посібник. У двох книгах.
300 _a352 с.
955 _a0
041 _aukr
080 _a39(477)
020 _a5-325-00820-Х
260 _aКиїв
_bЛибідь
_c1996
246 3 1 _aКн.1
_n
044 _aUA
650 7 _2UDC
999 _c309505
_d309505